Wymień trzy #1 - Statystyki

Ogólne statystyki
  • Ten quiz został rozwiązany 456 razy
  • Średni wynik to 5 z 12
Statystyki odpowiedzi
Hint Odpowiedź % Poprawnych
Wymień trzy państwa na półwyspie Iberyjskim (nie liczę Wielkiej Brytanii) Hiszpania
84%
Portugalia
83%
Wymień trzy najstarsze części GTA GTA
75%
Andora
68%
GTA 2
66%
ZSRR
38%
Wymień trzy największe jeziora w Azji Morze Kaspijskie
35%
Wymień trzech członków Kominternu Mongolia
17%
GTA London
14%
Tannu Tuva
8%
Issyk-kul
0%
Urmia
0%
Nie znaleziono quizów pasujących do podanych kryteriów
Rozkład punktacji
Procent ludzi z każdym wynikiem
Percentyl według liczby udzielonych odpowiedzi
Twoja historia wyników
Nie rozwiązałeś tego quizu